000 00390nam a2200133 a 4500
005 20140414131853.0
008 100813s19uu xx 00 eng d
050 _aM 793.7
_bF81 2005
100 _aFostanes, Jonathan
245 _aBrain-teasers for mathematics books.
260 _aManila, Philippines :
_bSmartbooks,
_c2005.
650 _aMathematics
_xjuvenile literature
999 _c110325
_d110325